| 000 | 00756nam a22002177a 4500 | ||
|---|---|---|---|
| 999 |
_c5383 _d5383 |
||
| 003 | AR-CdUCM | ||
| 008 | 190312b ||||| |||| 00| 0 spa d | ||
| 040 |
_aMUNICIPALIDAD PROVINCIAL DEL CUSCO _cBIBLIOTECA MUNICIPAL DEL CUSCO |
||
| 082 |
_a985.41 / _bB98 |
||
| 100 |
_aBustamante de la Fuente, Manuel _97076 |
||
| 245 |
_aLa Arequipa de ayer y de hoy : _bcontinuación / |
||
| 260 |
_aLima : _bGráf. Morsom, _c1972. |
||
| 300 |
_a86 paginas , _c26 cm. |
||
| 505 | _aLa reforma del Monasterio de Santa Catalina y la Arequipa de Ayer y de hoy' | ||
| 650 |
_aArequipa _91703 |
||
| 650 |
_aVida y costumbres sociales _9857 |
||
| 650 |
_aHistoria _9136 |
||
| 710 |
_aMonasterio de Santa Catalina (Arequipa) _916232 |
||
| 942 |
_2ddc _cLIBROS |
||
| 945 | _awnts | ||